Best Cricket ODI Bowling by Year 2001-2018 - Statistics

General Stats
  • This quiz has been taken 151 times
  • The average score is 15 of 19
Answer Stats
year country bowling player % Correct
2017 AFG 7-18 Rashid {Khan}
96%
2009 SL 6-20 Angelo {Mathews}
93%
2002 PAK 6-16 Shoaib {Akhtar}
92%
2001 SL 8-19 Chaminda {Vaas}
91%
2003 AUS 7-15 Glenn {McGrath}
90%
2015 NZ 7-33 Tim {Southee}
89%
2016 SA 7-45 Imran {Tahir}
88%
2018 SA 6-24 Imran {Tahir}
88%
2013 PAK 7-12 Shahid {Afridi}
85%
2010 PAK 6-42 Umar {Gul}
82%
2011 WI 6-27 Kemar {Roach}
81%
2005 NZ 6-19 Shane {Bond}
77%
2012 SL 6-44 Thisara {Perera}
76%
2004 IND 6-42 Ajit {Agarkar}
74%
2008 SL 6-13 Ajantha {Mendis}
72%
2014 IND 6-4 Stuart {Binny}
72%
2007 SL 6-27 Dilhara {Fernando}
52%
2007 IND 6-27 Murali {Kartik}
50%
2006 SL 6-14 Farveez {Maharoof}
42%
No matching quizzes found
Score Distribution
Percent of People with Each Score
Percentile by Number Answered
Your Score History
You have not taken this quiz